Statistics for Top Ranked Colleges in Maryland

Click here to take the quiz!

General Stats

  • This quiz has been taken 217 times
  • The average score is 7 of 13

Answer Stats

HintAnswer% Correct
#3University of Maryland - College Park
92%
#2Johns Hopkins University
89%
#9University of Maryland - Baltimore County
77%
#10Towson University
77%
#11Salisbury University
57%
#5Loyola University Maryland
50%
#6Saint Mary's College of Maryland
46%
#1United States Naval Academy
42%
#7Goucher College
32%
#13Morgan State University
30%
#8Washington College
24%
#12Hood College
23%
#4Saint John's College
21%

Score Distribution

Percentile by Number Answered

Percent of People with Each Score

Your Score History

You have not taken this quiz